000
nam a22 7a 4500
999
_c
40364
_d
40364
003
OSt
005
20170826151105.0
008
170826b xxu||||| |||| 00| 0 eng d
040
_c
SEROSOFT
100
_a
HANDA KRISHNA, MONIKA
245
_a
HEALTH PROMOTION FOR ANM
260
_b
LOTUS
_c
2015
300
_a
491
942
_2
ddc
_c
01